000 00220nam a2200097Ia 4500
005 20251222114346.0
008 251222s1900||||xx |||||||||||||| ||spa||
082 _aDVD0070/Y71
245 0 _aDespedidas:Okuribito
942 _cDVD
999 _c1045
_d1045